One Piece Conqueror's Haki Users - Statistics

General Stats
  • This quiz has been taken 2,207 times
  • The average score is 14 of 19
Answer Stats
Hint Answer % Correct
Monkey D. Luffy
100%
Shanks
95%
Roronoa Zoro
94%
Gol D. Roger
93%
Charlotte Linlin
92%
Kaidou
92%
Edward Newgate
91%
* Monkey D. Garp
86%
Silvers Rayleigh
75%
Eustass Kid
74%
Portgas D. Ace
73%
Donquixote Doflamingo
72%
Charlotte Katakuri
70%
Boa Hancock
59%
Sengoku
59%
Kozuki Oden
53%
Yamato
41%
Chinjao
30%
Topman Warcury
9%
No matching quizzes found
Score Distribution
Percent of People with Each Score
Percentile by Number Answered
Your Score History
You have not taken this quiz